[Event "Kemerovo-ch"]
[Site "Kemerovo"]
[Date "2014.04.23"]
[Round "7"]
[White "Kudriashov, Alexander"]
[Black "Akentjev, Oleg"]
[Result "0-1"]
[WhiteElo "2143"]
[BlackElo "1823"]
[PlyCount "118"]
[EventDate "2014.04.02"]
[EventType "swiss"]
[EventRounds "9"]
[EventCountry "RUS"]
[SourceTitle "CBM 160 Extra"]
[Source "ChessBase"]
[SourceDate "2014.07.01"]
[SourceVersion "1"]
[SourceVersionDate "2014.07.01"]
[SourceQuality "1"]

1. e4 g6 2. Nf3 Bg7 3. d4 d6 4. c3 Nf6 5. Bd3 Bg4 6. h3 Bd7 7. 0-0 0-0 8. Re1 Qc8 9. Kh2 Nc6 10. b4 e5 11. b5 Nd8 12. dxe5 dxe5 13. Nxe5 Ne6 14. Bf1 Rd8 15. Qc2 Be8 16. f4 c6 17. a4 Qc7 18. Be3 Nh5 19. g3 Bxe5 20. fxe5 Qxe5 21. Bf2 Ng5 22. Bg2 cxb5 23. axb5 Bxb5 24. Re3 a6 25. Na3 Bc6 26. Rae1 b5 27. Rd3 Ne6 28. Bd4 Qc7 29. Qf2 Rd7 30. Kg1 Rad8 31. Bb6 Qe5 32. Rxd7 Rxd7 33. Re3 Nc5 34. Nc2 Rd1+ 35. Kh2 Nxe4 36. Bxe4 Bxe4 37. Ne1 Qd5 38. Bd4 b4 39. Qe2 Rxd4 40. cxd4 f5 41. Qxa6 Qxd4 42. Qc8+ Kg7 43. Qc1 b3 44. Re2 Nf6 45. Rd2 Qe5 46. Qb2 Qc7 47. Qxb3 f4 48. Ng2 fxg3+ 49. Qxg3 Qc1 50. Qe1 Qc7+ 51. Kg1 Qc5+ 52. Qe3 Qc1+ 53. Kf2 Qh1 54. Qg3 Bxg2 55. Qxg2 Ne4+ 56. Kf3 Nxd2+ 57. Kg3 Qxg2+ 58. Kxg2 Kf6 59. Kf2 Kf5 0-1

[Event "Nizhnij Novgorod Dubinin Memorial 17th"]
[Site "Nizhnij Novgorod"]
[Date "2010.??.??"]
[Round "?"]
[White "Kudriashov, Alexander"]
[Black "Shilnikov, Igor S"]
[Result "1-0"]
[WhiteElo "2190"]
[BlackElo "1931"]
[PlyCount "41"]
[EventDate "2010.01.03"]
[EventType "swiss"]
[EventRounds "9"]
[EventCountry "RUS"]
[SourceTitle "CBM 134 Extra"]
[Source "ChessBase"]
[SourceDate "2010.03.03"]
[SourceVersion "1"]
[SourceVersionDate "2010.03.03"]
[SourceQuality "1"]

1. e4 e5 2. f4 exf4 3. Nf3 d6 4. d4 g5 5. Bc4 Bg7 6. 0-0 h6 7. c3 Ne7 8. Na3 0-0 9. g3 Ng6 10. Ne1 Be6 11. Ng2 Bxc4 12. Nxc4 d5 13. Nd2 fxg3 14. hxg3 dxe4 15. Nxe4 Nc6 16. Bxg5 hxg5 17. Qh5 Bxd4+ 18. Kh1 Kg7 19. Nxg5 Rh8 20. Rxf7+ Kg8 21. Rh7 1-0

[Event "Nizhnij Novgorod Dubinin Memorial 16th"]
[Site "Nizhnij Novgorod"]
[Date "2009.01.03"]
[Round "1"]
[White "Pristalov, Evgeny"]
[Black "Kudriashov, Alexander"]
[Result "0-1"]
[WhiteElo "1905"]
[BlackElo "2203"]
[PlyCount "40"]
[EventDate "2009.01.03"]
[EventType "swiss"]
[EventRounds "9"]
[EventCountry "RUS"]
[SourceTitle "EXT 2010"]
[Source "ChessBase"]
[SourceDate "2010.11.25"]
[SourceVersion "1"]
[SourceVersionDate "2010.11.25"]
[SourceQuality "1"]

1. e4 c6 2. d4 d5 3. exd5 cxd5 4. c4 Nf6 5. Nc3 Nc6 6. Nf3 Bg4 7. cxd5 Nxd5 8. Bc4 e6 9. 0-0 Be7 10. Nxd5 exd5 11. Bb5 0-0 12. Bxc6 bxc6 13. Qd3 Bxf3 14. Qxf3 Qb6 15. Rd1 Bf6 16. Qd3 Rfe8 17. Be3 Re4 18. a3 a5 19. Rab1 Rae8 20. b4 axb4 0-1

[Event "Nizhnij Novgorod Voroniatov Memor 5th"]
[Site "Nizhnij Novgorod"]
[Date "2008.06.14"]
[Round "?"]
[White "Kudriashov, Alexander"]
[Black "Leukhin, Mikhail"]
[Result "1/2-1/2"]
[WhiteElo "2214"]
[BlackElo "1989"]
[PlyCount "45"]
[EventDate "2008.06.14"]
[EventType "swiss"]
[EventRounds "9"]
[EventCountry "RUS"]
[SourceTitle "EXT 2022"]
[Source "ChessBase"]
[SourceDate "2021.10.06"]
[SourceVersion "1"]
[SourceVersionDate "2021.10.06"]
[SourceQuality "1"]

1. e4 e6 2. d4 c5 3. c3 cxd4 4. cxd4 d5 5. e5 Bb4+ 6. Bd2 Qb6 7. Bxb4 Qxb4+ 8. Qd2 Nc6 9. Nf3 Nge7 10. Qxb4 Nxb4 11. Kd2 Bd7 12. Nc3 0-0 13. Be2 a6 14. Rac1 b5 15. Rhd1 Rfc8 16. g4 h6 17. Ke3 Nbc6 18. Bd3 Na5 19. b3 Rc6 20. Ne2 Rac8 21. Rxc6 Rxc6 22. Rc1 Rxc1 23. Nxc1 1/2-1/2